00836cam a2200253 4500001001300000003000400013005001700017008004100034010001700075025002000092040001800112050002300130082000800153110005200161245010500213260007600318300002600394350000900420500001700429500004000446650004000486710003900526999001700565sa 68013755 DLC20260227112625.0691205s1968 ii k 000 0 eng  asa 68013755  aPL480:I-E-10704 aDLCcDLCdDLC00aKNU8732b.A33 196800a3401 aWest Bengal.bLocal Self-Government Department.10aModel rules and model by-laws under the Bengal municipal act, 1932, corrected up to 30th June, 1963. aAlipore,bSuperintendent, Govt. Print., West Bengal Govt. Press,c1968. a71 p.bforms.c24 cm. a1.50 aCover title. aIncludes extracts from legislation. 0aOrdinances, MunicipalzWest Bengal.1 aWest Bengal.kLaws, statutes, etc. c85319d85319